[Event "XV Festival A"]
[Site "Verona ITA"]
[Date "2009.04.11"]
[Round "7"]
[White "Stromboli, Ettore"]
[Black "Codenotti, Marco"]
[Result "1/2-1/2"]
[WhiteElo "2301"]
[BlackElo "2035"]
[PlyCount "62"]
[EventDate "2009.04.07"]

1. e4 c5 2. Nf3 d6 3. d4 cxd4 4. Nxd4 Nf6 5. f3 e5 6. Bb5+ Nbd7 7. Nf5 d5 8.
exd5 a6 9. Bxd7+ Qxd7 10. Ne3 b5 11. Nc3 Bb7 12. O-O b4 13. Ne4 Nxd5 14. Nxd5
Qxd5 15. Qe2 Be7 16. Be3 Rc8 17. Rfc1 O-O 18. c4 bxc3 19. Rxc3 Rfd8 20. Bb6 Re8
21. Rxc8 Rxc8 22. Nc3 Qe6 23. Bf2 Bb4 24. Rd1 Bxc3 25. bxc3 e4 26. fxe4 Qxe4
27. Qxe4 Bxe4 28. Rd6 f6 29. Bd4 Rc6 30. Rd7 Rc8 31. Rd6 Rc6 1/2-1/2

[Event "XV Festival A"]
[Site "Verona ITA"]
[Date "2009.04.12"]
[Round "8"]
[White "Brunello, Sabino"]
[Black "De Filomeno, Simone"]
[Result "1-0"]
[WhiteElo "2477"]
[BlackElo "2229"]
[PlyCount "51"]
[EventDate "2009.04.07"]

1. d4 f5 2. c4 Nf6 3. g3 g6 4. Bg2 Bg7 5. Nc3 d6 6. Nf3 O-O 7. O-O Qe8 8. e4
fxe4 9. Ng5 Bg4 10. Qc2 Nc6 11. Be3 e5 12. d5 Nd4 13. Bxd4 exd4 14. Ngxe4 Nxe4
15. Nxe4 Bf5 16. Rae1 Qd7 17. Qb3 c5 18. dxc6 bxc6 19. Nxd6 Rab8 20. Qa3 d3 21.
Nxf5 gxf5 22. Re7 Qd4 23. Bxc6 Rxb2 24. Rd7 Qb6 25. Bd5+ Kh8 26. Rxg7 1-0

[Event "XV Festival A"]
[Site "Verona ITA"]
[Date "2009.04.12"]
[Round "8"]
[White "Caprio, Guido"]
[Black "Parpinel, Marco"]
[Result "1/2-1/2"]
[WhiteElo "2205"]
[BlackElo "2148"]
[PlyCount "60"]
[EventDate "2009.04.07"]

1. Nf3 d5 2. c4 c6 3. d4 Nf6 4. Nc3 e6 5. Bg5 dxc4 6. e4 b5 7. e5 h6 8. Bh4 g5
9. Nxg5 hxg5 10. Bxg5 Nbd7 11. g3 Qb6 12. exf6 Bb7 13. Bg2 c5 14. d5 O-O-O 15.
O-O b4 16. Na4 Qb5 17. a3 exd5 18. axb4 cxb4 19. Be3 Nc5 20. Qg4+ Rd7 21. Qg7
Bxg7 22. fxg7 Rg8 23. Nxc5 Rxg7 24. Bh3 f5 25. Bxf5 Rgf7 26. Bh3 Rh7 27. Bg4
Rhg7 28. Bh3 Rh7 29. Bg4 Rhg7 30. Be6 Rge7 1/2-1/2

[Event "XV Festival A"]
[Site "Verona ITA"]
[Date "2009.04.11"]
[Round "8"]
[White "Codenotti, Marco"]
[Black "Godena, Michele"]
[Result "0-1"]
[WhiteElo "2035"]
[BlackElo "2538"]
[PlyCount "48"]
[EventDate "2009.04.07"]

1. e4 Nc6 2. Nf3 e5 3. Bb5 Nf6 4. O-O Nxe4 5. d4 a6 6. Bxc6 dxc6 7. Qe2 Bf5 8.
Rd1 Be7 9. dxe5 Qc8 10. Nd4 Bg6 11. f4 c5 12. Nb3 h5 13. a4 Qg4 14. Qxg4 hxg4
15. Na3 g3 16. h3 Nf2 17. Rd2 Be4 18. Re2 O-O-O 19. Be3 Nxh3+ 20. gxh3 Rxh3 21.
Rg2 Rdh8 22. Kf1 Rh1+ 23. Bg1 R8h2 24. Rxg3 Bh4 0-1

[Event "XV Festival A"]
[Site "Verona ITA"]
[Date "2009.04.11"]
[Round "8"]
[White "Facchetti, Gianni"]
[Black "Bernardi, Ruben"]
[Result "1-0"]
[WhiteElo "2174"]
[BlackElo "2143"]
[PlyCount "51"]
[EventDate "2009.04.07"]

1. e4 c5 2. Nf3 Nc6 3. Bb5 e6 4. Bxc6 bxc6 5. d3 Ne7 6. O-O f6 7. c4 e5 8. Nh4
d6 9. Nc3 Be6 10. f4 Qd7 11. Nf3 exf4 12. Bxf4 g6 13. Qe2 Bg7 14. d4 cxd4 15.
Nxd4 Bf7 16. Rad1 O-O 17. Nf3 Nc8 18. b3 Re8 19. Qd2 Rd8 20. e5 fxe5 21. Bxe5
Qf5 22. Bxg7 Kxg7 23. Ng5 Qc5+ 24. Kh1 Bg8 25. Qf4 Qf5 26. Qd4+ 1-0

[Event "XV Festival A"]
[Site "Verona ITA"]
[Date "2009.04.11"]
[Round "8"]
[White "Luciani, Valerio"]
[Black "Stromboli, Ettore"]
[Result "0-1"]
[WhiteElo "2214"]
[BlackElo "2301"]
[PlyCount "66"]
[EventDate "2009.04.07"]

1. d4 Nf6 2. c4 e6 3. Nc3 Bb4 4. a3 Bxc3+ 5. bxc3 b6 6. f3 Nc6 7. e4 h6 8. Bd3
O-O 9. Be3 Ba6 10. Nh3 Na5 11. Qe2 c6 12. O-O d5 13. cxd5 Bxd3 14. Qxd3 cxd5
15. e5 Nd7 16. Rae1 Rc8 17. f4 f5 18. exf6 Nxf6 19. Nf2 Nc4 20. Bc1 Qd7 21. Qh3
Nd6 22. g4 Nfe4 23. Nd1 Nb5 24. g5 Nxd4 25. gxh6 gxh6 26. Qxh6 Qg7+ 27. Qxg7+
Kxg7 28. Bb2 Nf5 29. c4+ Kf7 30. cxd5 exd5 31. Ne3 Nxe3 32. Rxe3 Rg8+ 33. Kh1
Rc2 0-1

[Event "XV Festival A"]
[Site "Verona ITA"]
[Date "2009.04.12"]
[Round "8"]
[White "Panjkovic, Aleksandar"]
[Black "Garonzi, Martino"]
[Result "1/2-1/2"]
[WhiteElo "2118"]
[BlackElo "2029"]
[PlyCount "129"]
[EventDate "2009.04.07"]

1. Nf3 Nf6 2. b3 d5 3. d4 Bf5 4. Nh4 e6 5. Nxf5 exf5 6. Qd3 Nc6 7. a3 Bd6 8. g3
O-O 9. Bh3 Re8 10. Ra2 Qe7 11. c4 Qe4 12. Qxe4 Nxe4 13. c5 Bf8 14. f3 Nf6 15.
Rd2 g6 16. Rd3 h6 17. b4 Bg7 18. Kf2 Nh7 19. Rhd1 Ng5 20. Bg2 Ne6 21. e3 Rad8
22. Nc3 Kh7 23. f4 Ne7 24. a4 c6 25. b5 Ng8 26. Ba3 Nf6 27. h3 Nc7 28. Rb1 Ne4+
29. Nxe4 dxe4 30. Rdb3 cxb5 31. axb5 Nd5 32. Bf1 g5 33. Bc4 gxf4 34. gxf4 Bf6
35. Bxd5 Rxd5 36. b6 Bh4+ 37. Kf1 Ra8 38. c6 bxc6 39. b7 Rb8 40. Bc5 Rxc5 41.
dxc5 Be7 42. Rc1 Kg6 43. Rd1 Bxc5 44. Rc1 Bb6 45. Rxc6+ Kh5 46. Rcxb6 axb6 47.
Rxb6 f6 48. Kg2 Kg6 49. Kg3 Kf7 50. Rb5 Kg7 51. Kf2 Kg6 52. Ke1 Kh5 53. Rxf5+
Kh4 54. Rxf6 Rxb7 55. Rxh6+ Kg3 56. Kd2 Kf3 57. Rd6 Rh7 58. f5 Rxh3 59. f6 Rh2+
60. Kc3 Kxe3 61. f7 Rf2 62. Rd7 Rf3 63. Re7 Kf2+ 64. Kd4 e3 65. Rxe3 1/2-1/2

[Event "XV Festival A"]
[Site "Verona ITA"]
[Date "2009.04.12"]
[Round "8"]
[White "Pomaro, Alberto"]
[Black "Mrdja, Milan"]
[Result "1/2-1/2"]
[WhiteElo "2278"]
[BlackElo "2431"]
[PlyCount "28"]
[EventDate "2009.04.07"]

1. e4 c5 2. Nf3 e6 3. d4 cxd4 4. Nxd4 Nc6 5. Nc3 Qc7 6. Be3 a6 7. Bd3 Nf6 8.
O-O Bd6 9. h3 Nxd4 10. Bxd4 Bc5 11. Bxc5 Qxc5 12. Qe2 d6 13. Kh1 O-O 14. f4 e5
1/2-1/2

[Event "XV Festival A"]
[Site "Verona ITA"]
[Date "2009.04.12"]
[Round "8"]
[White "Stromboli, Carlo"]
[Black "Simutowe, Amon"]
[Result "1/2-1/2"]
[WhiteElo "2283"]
[BlackElo "2486"]
[PlyCount "101"]
[EventDate "2009.04.07"]

1. e4 c6 2. d4 d5 3. Nc3 dxe4 4. Nxe4 Nd7 5. Ng5 Ngf6 6. Bd3 e6 7. N1f3 Bd6 8.
Qe2 h6 9. Ne4 Nxe4 10. Qxe4 Qc7 11. O-O Nf6 12. Qe2 b6 13. Ne5 O-O 14. Re1 Bb7
15. Bf4 c5 16. dxc5 Qxc5 17. Bg3 Qd5 18. Qf1 Rad8 19. Rad1 Qc5 20. Qe2 Bb8 21.
Ng4 Nxg4 22. Qxg4 Bxg3 23. Qxg3 Rd5 24. Qe3 Qxe3 25. Rxe3 Rfd8 26. Rde1 Rd4 27.
f3 g5 28. Be2 Rc8 29. Bd3 Kg7 30. Kf2 Kf6 31. Rd1 Rcd8 32. Ke1 g4 33. Be2 gxf3
34. Rxd4 f2+ 35. Kxf2 Rxd4 36. Bf3 Bc8 37. Rc3 Bd7 38. Ke3 e5 39. Rd3 Rxd3+ 40.
cxd3 Be6 41. a3 Ke7 42. d4 Kd6 43. dxe5+ Kxe5 44. g3 f6 45. Bg2 Bc4 46. Bf3 Bb3
47. Bg2 a5 48. Bf3 Bf7 49. Bg2 Bg6 50. Bf3 f5 51. Bg2 1/2-1/2

[Event "XV Festival A"]
[Site "Verona ITA"]
[Date "2009.04.12"]
[Round "8"]
[White "Vezzosi, Paolo"]
[Black "Coratella, Giuseppe"]
[Result "1-0"]
[WhiteElo "2363"]
[BlackElo "2248"]
[PlyCount "113"]
[EventDate "2009.04.07"]

1. d4 g6 2. e4 Bg7 3. Nc3 d6 4. Be3 Nf6 5. Nf3 O-O 6. h3 c6 7. a4 a5 8. Be2 Qc7
9. O-O e5 10. dxe5 dxe5 11. Bc4 b6 12. Qe2 Nh5 13. Rfd1 Nf4 14. Qd2 Ra7 15. Ng5
Bf6 16. h4 Be7 17. Ne2 Nxe2+ 18. Qxe2 Na6 19. h5 Nc5 20. Qf3 Bxg5 21. Bxg5 Be6
22. Be2 f6 23. Bh6 Rf7 24. Rd2 Ra8 25. Rad1 g5 26. b3 Nb7 27. Qg3 Re8 28. Bg4
Qc8 29. Bxe6 Qxe6 30. Qh3 Qxh3 31. gxh3 Nc5 32. Rd6 Rc7 33. Rxf6 Nxe4 34. Rf5
Rf7 35. Rxe5 Rfe7 36. Rf5 Re6 37. Bxg5 Nxg5 38. Rxg5+ Kf7 39. Rd7+ Kf6 40. Rg3
R8e7 41. Rxe7 Rxe7 42. h6 Re2 43. Rg7 Rxc2 44. Rxh7 Kg6 45. Rb7 Kxh6 46. Rxb6
Kg5 47. Kg2 Rc3 48. Rb8 Kh4 49. Rh8+ Kg5 50. Rg8+ Kf6 51. Rg3 Rc5 52. h4 Rh5
53. Rf3+ Kg6 54. Kg3 Rc5 55. Kg4 Rc1 56. h5+ Kg7 57. Kg5 1-0

[Event "XV Festival A"]
[Site "Verona ITA"]
[Date "2009.04.13"]
[Round "9"]
[White "Garonzi, Martino"]
[Black "Codenotti, Marco"]
[Result "0-1"]
[WhiteElo "2029"]
[BlackElo "2035"]
[PlyCount "50"]
[EventDate "2009.04.07"]

1. e4 c5 2. Nf3 d6 3. d4 cxd4 4. Nxd4 Nf6 5. Nc3 a6 6. Be3 e6 7. f3 b5 8. Qd2
Nbd7 9. O-O-O Bb7 10. a3 Nb6 11. Qf2 Nfd7 12. Nb3 Rc8 13. Bd3 Rxc3 14. bxc3 Qc7
15. Kb1 Na4 16. Bd2 d5 17. exd5 Bxd5 18. Qd4 Be7 19. Rhe1 O-O 20. Qxd5 exd5 21.
Rxe7 Qd6 22. Re3 Qxa3 23. Bxh7+ Kxh7 24. Bc1 Qd6 25. Rd4 Rc8 0-1

[Event "XV Festival A"]
[Site "Verona ITA"]
[Date "2009.04.13"]
[Round "9"]
[White "Godena, Michele"]
[Black "Facchetti, Gianni"]
[Result "1-0"]
[WhiteElo "2538"]
[BlackElo "2174"]
[PlyCount "71"]
[EventDate "2009.04.07"]

1. e4 e5 2. Nf3 Nc6 3. Bb5 Bc5 4. c3 Nf6 5. d4 Bb6 6. Nxe5 Nxe5 7. dxe5 Nxe4 8.
Qg4 f5 9. Qxg7 Bxf2+ 10. Ke2 Rf8 11. Qxh7 Qh4 12. Qxh4 Bxh4 13. Nd2 c6 14. Bd3
d5 15. exd6 Nxd6 16. Nf3 Be7 17. Bf4 Bd7 18. Ne5 O-O-O 19. Nxd7 Kxd7 20. Rad1
Ke6 21. Kf3 Nf7 22. Bc4+ Kf6 23. Rde1 Bd6 24. Re6+ Kg7 25. Rhe1 Rd7 26. Bxd6
Nxd6 27. Re7+ Rxe7 28. Rxe7+ Kh8 29. Be6 Ne4 30. Kf4 Nc5 31. Bxf5 Nd3+ 32. Kg5
Nxb2 33. Rh7+ Kg8 34. Rxb7 Nd1 35. Be6+ Kh8 36. Kg6 1-0

[Event "XV Festival A"]
[Site "Verona ITA"]
[Date "2009.04.13"]
[Round "9"]
[White "Parpinel, Marco"]
[Black "Luciani, Valerio"]
[Result "1-0"]
[WhiteElo "2148"]
[BlackElo "2214"]
[PlyCount "77"]
[EventDate "2009.04.07"]

1. e4 e6 2. Nf3 d5 3. e5 c5 4. b4 b6 5. c3 Qd7 6. a3 Ba6 7. Bxa6 Nxa6 8. d4 h6
9. Qe2 c4 10. a4 Nc7 11. Na3 Qxa4 12. O-O Qd7 13. Nc2 Ne7 14. g3 Nc6 15. Nh4
Be7 16. Ng2 O-O-O 17. f4 Kb8 18. g4 Nb5 19. Bd2 Rde8 20. f5 Bg5 21. h4 Bxd2 22.
Qxd2 h5 23. fxe6 Rxe6 24. g5 Re7 25. Nce3 Qh3 26. Qe1 Nxe5 27. dxe5 Rxe5 28.
Rxf7 Rhe8 29. Qf2 Rxe3 30. Nxe3 Rxe3 31. Qf4+ Kc8 32. Qf5+ Qxf5 33. Rxf5 Rd3
34. Rf7 Rxc3 35. Rxg7 Re3 36. Rf1 Kd8 37. g6 c3 38. Rg8+ Re8 39. Rxe8+ 1-0

[Event "XV Festival A"]
[Site "Verona ITA"]
[Date "2009.04.13"]
[Round "9"]
[White "Pomaro, Alberto"]
[Black "Brunello, Sabino"]
[Result "0-1"]
[WhiteElo "2278"]
[BlackElo "2477"]
[PlyCount "52"]
[EventDate "2009.04.07"]

1. e4 c5 2. Nf3 e6 3. Nc3 Nc6 4. d4 cxd4 5. Nxd4 Qc7 6. Be3 a6 7. Bd3 Nf6 8.
O-O h5 9. h3 Nxd4 10. Bxd4 Bc5 11. Bxc5 Qxc5 12. Na4 Qc7 13. c4 d6 14. Rc1 Bd7
15. Qb3 Rd8 16. Nb6 g5 17. Rfe1 g4 18. Nd5 exd5 19. exd5+ Kf8 20. Qc3 Rh6 21.
c5 dxc5 22. Qd2 Ng8 23. Qg5 Rc8 24. Re7 Qd6 25. Re2 gxh3 26. Re3 Qf6 0-1

[Event "XV Festival A"]
[Site "Verona ITA"]
[Date "2009.04.13"]
[Round "9"]
[White "Simutowe, Amon"]
[Black "Vezzosi, Paolo"]
[Result "1/2-1/2"]
[WhiteElo "2486"]
[BlackElo "2363"]
[PlyCount "39"]
[EventDate "2009.04.07"]

1. e4 e6 2. d4 d5 3. Nc3 Bb4 4. exd5 exd5 5. Bd3 Ne7 6. Qh5 Nbc6 7. a3 Bd6 8.
Nb5 Be6 9. Nf3 Qd7 10. Nxd6+ cxd6 11. Qg5 O-O 12. c3 Bf5 13. Bxf5 Qxf5 14. O-O
Rfd8 15. Re1 h6 16. Qxf5 Nxf5 17. g4 Nfe7 18. h4 f5 19. g5 h5 20. Kg2 1/2-1/2

[Event "II Torneo Internazionale di Pasqua"]
[Site "Bologna ITA"]
[Date "2009.04.??"]
[Round "1"]
[White "Bianchi, Andrea"]
[Black "Ferretti, Folco"]
[Result "1/2-1/2"]
[WhiteElo "2166"]
[BlackElo "2319"]
[PlyCount "43"]
[EventDate "2009.04.09"]

1. e4 d5 2. exd5 Qxd5 3. Nc3 Qd6 4. d4 Nf6 5. Nf3 a6 6. Bd3 Nc6 7. Ne4 Nxe4 8.
Bxe4 g6 9. O-O Bg7 10. c3 O-O 11. Re1 e6 12. g3 Ne7 13. Ne5 Nd5 14. Nc4 Qd8 15.
Ne3 Rb8 16. Bg2 b6 17. Nxd5 exd5 18. h4 Bb7 19. Bf4 Qd7 20. Kh2 Rbe8 21. Bh3
Qd8 22. Qb3 1/2-1/2

[Event "II Torneo Internazionale di Pasqua"]
[Site "Bologna ITA"]
[Date "2009.04.??"]
[Round "1"]
[White "Danut, Radu"]
[Black "Corvi, Marco"]
[Result "1/2-1/2"]
[WhiteElo "2152"]
[BlackElo "2291"]
[PlyCount "54"]
[EventDate "2009.04.09"]

1. d4 f5 2. e4 fxe4 3. Nc3 Nf6 4. Bg5 e6 5. f3 e3 6. Qd3 Be7 7. O-O-O O-O 8. h4
b6 9. Qxe3 Ba6 10. Nge2 Nc6 11. g4 Nb4 12. Bxf6 Bxf6 13. g5 Be7 14. Bh3 Bc4 15.
b3 Bxe2 16. Qxe2 a5 17. Kb2 c6 18. a3 Nd5 19. Nxd5 cxd5 20. Qe5 a4 21. b4 Rc8
22. f4 Rc6 23. f5 Bd6 24. Qe2 exf5 25. Qb5 Kh8 26. Qxd5 Qc7 27. Bxf5 Qd8
1/2-1/2

[Event "II Torneo Internazionale di Pasqua"]
[Site "Bologna ITA"]
[Date "2009.04.09"]
[Round "1"]
[White "Martinez, Rolly"]
[Black "Ronchetti, Niccolo'"]
[Result "1/2-1/2"]
[WhiteElo "2419"]
[BlackElo "2420"]
[PlyCount "40"]
[EventDate "2009.04.09"]

1. e4 c5 2. Nf3 Nc6 3. Bb5 e6 4. Bxc6 bxc6 5. d3 Ne7 6. Qe2 d5 7. O-O Ng6 8.
Nc3 Bd6 9. Na4 O-O 10. c4 e5 11. cxd5 cxd5 12. exd5 Bg4 13. h3 Bd7 14. Nc3 f5
15. Ng5 h6 16. Qh5 Rf6 17. Ne6 Qe7 18. Re1 Rb8 19. b3 Bxe6 20. dxe6 Qxe6
1/2-1/2

[Event "II Torneo Internazionale di Pasqua"]
[Site "Bologna ITA"]
[Date "2009.04.??"]
[Round "1"]
[White "Stella, Andrea"]
[Black "Tomba, Ivan"]
[Result "1-0"]
[WhiteElo "2276"]
[BlackElo "2301"]
[PlyCount "69"]
[EventDate "2009.04.09"]

1. d4 d5 2. c4 c6 3. Nc3 Nf6 4. cxd5 cxd5 5. Bf4 Nc6 6. e3 a6 7. Bd3 e6 8. Rc1
Be7 9. h3 O-O 10. Nf3 b5 11. O-O Bb7 12. a4 b4 13. Nb1 Ne4 14. Nbd2 Nxd2 15.
Nxd2 Rc8 16. Nb3 Qb6 17. Nc5 Bxc5 18. Rxc5 g6 19. Qf3 Kg7 20. Rfc1 f6 21. Qg3
Rfe8 22. a5 Qd8 23. Bxa6 Bxa6 24. Rxc6 Rxc6 25. Rxc6 Bc4 26. Bd6 g5 27. Bxb4
Kg6 28. Qd6 Qxd6 29. Bxd6 Kf5 30. f3 h5 31. g4+ Kg6 32. b4 Rh8 33. Bc5 hxg4 34.
hxg4 Kf7 35. a6 1-0

[Event "II Torneo Internazionale di Pasqua"]
[Site "Bologna ITA"]
[Date "2009.04.??"]
[Round "1"]
[White "Vuelban, Virgilio"]
[Black "Gilevych, Artem"]
[Result "1-0"]
[WhiteElo "2422"]
[BlackElo "2134"]
[PlyCount "123"]
[EventDate "2009.04.09"]

1. d4 d5 2. c4 c6 3. Nc3 Nf6 4. Nf3 e6 5. Bg5 h6 6. Bxf6 Qxf6 7. e3 g6 8. Qc2
Nd7 9. Rd1 Bg7 10. Bd3 O-O 11. O-O dxc4 12. Bxc4 b6 13. e4 Bb7 14. Rfe1 a6 15.
a3 Rac8 16. e5 Qe7 17. Ba2 c5 18. d5 c4 19. Qe4 exd5 20. Nxd5 Bxd5 21. Qxd5
Rfd8 22. e6 Ne5 23. exf7+ Kh7 24. Qe4 Rxd1 25. Rxd1 Nxf3+ 26. Qxf3 Rc7 27. g3
Qxf7 28. Qxf7 Rxf7 29. Bxc4 Rc7 30. b3 b5 31. Bd5 Bb2 32. Kg2 Bxa3 33. Ra1 b4
34. Re1 Rd7 35. Bc4 a5 36. Re6 Bb2 37. Ra6 Kg7 38. Rxa5 Bf6 39. h4 h5 40. Rb5
Be7 41. Bd5 Rd6 42. f4 Kf6 43. Kf3 Ra6 44. Be4 Kf7 45. Bd5+ Kg7 46. Ke4 Ra1 47.
Rb7 Kf6 48. Kf3 Rc1 49. Rb6+ Kg7 50. Be4 Rc3+ 51. Kg2 Rxb3 52. Bxg6 Rb2+ 53.
Kh3 Bc5 54. Rc6 Bg1 55. Bxh5 b3 56. f5 Bd4 57. Rd6 Be5 58. Rg6+ Kf8 59. Re6 Rf2
60. Rxe5 b2 61. Rb5 Kg7 62. Kg4 1-0

[Event "II Torneo Internazionale di Pasqua"]
[Site "Bologna ITA"]
[Date "2009.04.??"]
[Round "2"]
[White "Corvi, Marco"]
[Black "Martinez, Rolly"]
[Result "1/2-1/2"]
[WhiteElo "2291"]
[BlackElo "2419"]
[PlyCount "101"]
[EventDate "2009.04.09"]

1. c4 e5 2. Nc3 Nf6 3. g3 d5 4. cxd5 Nxd5 5. Bg2 Nb6 6. Nf3 Nc6 7. O-O Be7 8.
d3 O-O 9. a3 f5 10. b4 Bf6 11. b5 Nd4 12. Nxd4 exd4 13. Qb3+ Kh8 14. Na4 Nxa4
15. Qxa4 Qe8 16. Qb4 Bd7 17. Bxb7 Rb8 18. Bf3 Rxb5 19. Qc4 Be5 20. Bf4 Bxf4 21.
gxf4 c5 22. Rfb1 Qg6+ 23. Kh1 Qb6 24. Rxb5 Qxb5 25. Qd5 Rc8 26. Rg1 Bc6 27. Qf7
Bxf3+ 28. exf3 Rg8 29. Qxf5 Qa6 30. Rg3 c4 31. Qf7 Qxa3 32. Qxc4 Qd6 33. f5 Qf6
34. Qc5 Qb6 35. Qc4 a5 36. Rg4 Rd8 37. Kg2 Qf6 38. Qb5 Ra8 39. Qa4 Qxf5 40.
Qxd4 Qf7 41. Rf4 Qe8 42. Rg4 Qf7 43. Rf4 Qg6+ 44. Rg4 Qf6 45. Qe4 Rf8 46. Rh4
h6 47. Rg4 Qa6 48. Rg6 Rf6 49. Rxf6 gxf6 50. Qe8+ Kg7 51. Qe7+ 1/2-1/2

[Event "II Torneo Internazionale di Pasqua"]
[Site "Bologna ITA"]
[Date "2009.04.??"]
[Round "2"]
[White "Gilevych, Artem"]
[Black "Danut, Radu"]
[Result "1-0"]
[WhiteElo "2134"]
[BlackElo "2152"]
[PlyCount "117"]
[EventDate "2009.04.09"]

1. b3 c5 2. Bb2 e6 3. g3 Nf6 4. Bg2 Be7 5. e4 d6 6. f4 Qc7 7. e5 dxe5 8. fxe5
Nfd7 9. Qg4 g6 10. Nf3 Nc6 11. O-O b6 12. Na3 Ba6 13. c4 Rc8 14. Rae1 Nb4 15.
Re3 h6 16. Qf4 g5 17. Qe4 Bb7 18. Qb1 a6 19. Ne1 Bxg2 20. Nxg2 Nc6 21. Qe4 Nd4
22. Nc2 Nf5 23. Ref3 Qc6 24. Qxc6 Rxc6 25. g4 Nd4 26. Nxd4 cxd4 27. Bxd4 O-O
28. Ne3 Bd8 29. Ba1 b5 30. d4 bxc4 31. bxc4 Bb6 32. Kg2 Rc7 33. Bb2 Rb8 34. Bc3
Nf8 35. c5 Ng6 36. Nc4 Nh4+ 37. Kg3 Nxf3 38. Rxf3 Ba7 39. Ba5 Rc6 40. Nd6 Bxc5
41. dxc5 Rxc5 42. Bc3 Rb1 43. Nxf7 Rc1 44. Bd2 R1c2 45. Nxh6+ Kg7 46. Bxg5 R5c3
47. Be3 Re2 48. Rf7+ Kh8 49. Kh4 Rxh2+ 50. Kg5 Rxe3 51. Kg6 Rxh6+ 52. Kxh6 Kg8
53. Ra7 Re4 54. g5 Kf8 55. g6 Rh4+ 56. Kg5 Rh1 57. Kf6 Ke8 58. Kxe6 Kd8 59. g7
1-0

[Event "II Torneo Internazionale di Pasqua"]
[Site "Bologna ITA"]
[Date "2009.04.??"]
[Round "2"]
[White "Ronchetti, Niccolo'"]
[Black "Bianchi, Andrea"]
[Result "1-0"]
[WhiteElo "2420"]
[BlackElo "2166"]
[PlyCount "67"]
[EventDate "2009.04.09"]

1. e4 d6 2. d4 Nf6 3. Nc3 e5 4. Nf3 Nbd7 5. Bc4 Be7 6. O-O O-O 7. Re1 c6 8. a4
b6 9. h3 a6 10. Ba2 Rb8 11. Be3 b5 12. axb5 axb5 13. b4 Qc7 14. Qd2 exd4 15.
Nxd4 Ne5 16. Qe2 Bd7 17. f4 Ng6 18. Nf5 Rfe8 19. Nxe7+ Rxe7 20. Qf3 Be6 21.
Bxe6 fxe6 22. Ra6 Nd7 23. Qg3 Nb6 24. f5 exf5 25. exf5 Ne5 26. Ne4 Nbc4 27. Bd4
Kh8 28. Ng5 Qc8 29. Qh4 Qxf5 30. Rf1 Qg6 31. Nxh7 Nf3+ 32. Rxf3 Re4 33. Nf8+
Rxh4 34. Nxg6+ 1-0

[Event "II Torneo Internazionale di Pasqua"]
[Site "Bologna ITA"]
[Date "2009.04.??"]
[Round "2"]
[White "Stella, Andrea"]
[Black "Vuelban, Virgilio"]
[Result "0-1"]
[WhiteElo "2276"]
[BlackElo "2422"]
[PlyCount "82"]
[EventDate "2009.04.09"]

1. d4 Nf6 2. c4 g6 3. Nc3 Bg7 4. e4 d6 5. Bd3 e5 6. d5 Nbd7 7. Nge2 Nc5 8. Bc2
a5 9. O-O c6 10. Rb1 cxd5 11. cxd5 Bd7 12. b3 b5 13. b4 axb4 14. Rxb4 Na6 15.
Rb2 b4 16. Nb1 O-O 17. f3 Qc7 18. Be3 Bb5 19. Ba4 Rfb8 20. Bxb5 Rxb5 21. Qd3
Qb8 22. Na3 Rb7 23. Nc4 Nd7 24. Rfb1 Bf8 25. Qd2 Qc7 26. Rc1 Ndc5 27. Kh1 Rab8
28. Ng1 Rb5 29. Qd1 Qd7 30. Nh3 f5 31. Nf2 Be7 32. Nd3 fxe4 33. Nxc5 Nxc5 34.
Bxc5 Rxc5 35. fxe4 Qc7 36. Rbc2 Bg5 37. Nd2 Rc3 38. Nb1 Bxc1 39. Nxc3 bxc3 40.
Qxc1 Qc4 41. Rxc3 Qxc3 0-1

[Event "II Torneo Internazionale di Pasqua"]
[Site "Bologna ITA"]
[Date "2009.04.??"]
[Round "2"]
[White "Tomba, Ivan"]
[Black "Ferretti, Folco"]
[Result "0-1"]
[WhiteElo "2301"]
[BlackElo "2319"]
[PlyCount "106"]
[EventDate "2009.04.09"]

1. e4 d6 2. d4 Nf6 3. Nc3 e5 4. Nf3 Nbd7 5. Bc4 Be7 6. O-O O-O 7. Re1 c6 8. a4
b6 9. h3 a6 10. Ba2 Rb8 11. Be3 b5 12. axb5 axb5 13. b4 Qc7 14. Qd3 Nb6 15. d5
Bd7 16. Bb3 cxd5 17. exd5 Rfc8 18. Ra6 Qxc3 19. Qxc3 Rxc3 20. Rxb6 Rxb6 21.
Bxb6 Bf5 22. Nxe5 Bf8 23. Nc6 Bxc2 24. Bxc2 Rxc2 25. Rd1 Rc4 26. Ba5 Ne4 27.
Nd4 Nc3 28. Rd3 Rxd4 29. Rxc3 g6 30. Rc8 Rd1+ 31. Kh2 Rxd5 32. Rb8 Kg7 33. Bd8
g5 34. g4 f5 35. Bxg5 fxg4 36. h4 Rf5 37. Kg3 h5 38. Bf4 Be7 39. Rb7 Kf8 40. f3
Bxh4+ 41. Kxh4 Rxf4 42. fxg4 Rxg4+ 43. Kxh5 Rxb4 44. Kg5 Ke8 45. Kf6 Kd8 46.
Ke6 Kc8 47. Rb6 Kc7 48. Rxd6 Rb1 49. Rd2 Kc6 50. Rc2+ Kb6 51. Kd5 Rd1+ 52. Ke4
b4 53. Ke3 Kb5 0-1

[Event "II Torneo Internazionale di Pasqua"]
[Site "Bologna ITA"]
[Date "2009.04.??"]
[Round "3"]
[White "Bianchi, Andrea"]
[Black "Corvi, Marco"]
[Result "0-1"]
[WhiteElo "2166"]
[BlackElo "2291"]
[PlyCount "142"]
[EventDate "2009.04.09"]

1. e4 Nf6 2. e5 Nd5 3. d4 d6 4. Nf3 dxe5 5. Nxe5 g6 6. Nd2 Bg7 7. Ndf3 c6 8. c3
O-O 9. Be2 Nd7 10. O-O Nxe5 11. Nxe5 c5 12. Bf3 Be6 13. Re1 cxd4 14. Qxd4 Qd6
15. Bf4 Nxf4 16. Qxf4 Rfd8 17. h4 Rac8 18. Qe3 Qxe5 19. Qxe5 Bxe5 20. Rxe5 b6
21. Rd1 Kf8 22. Rxd8+ Rxd8 23. a3 Bc4 24. Be2 Ba2 25. Ba6 Rd1+ 26. Kh2 f6 27.
Re3 Bb1 28. Kg3 e5 29. Kf3 Ke7 30. Ke2 Rh1 31. g3 Kd6 32. Kd2 Rh2 33. Re2 Ba2
34. b4 Be6 35. Kc2 Bf5+ 36. Kb3 Rh1 37. Rd2+ Ke7 38. Bd3 Be6+ 39. Kb2 f5 40.
Bc2 e4 41. Bb3 Bxb3 42. Kxb3 Rb1+ 43. Kc2 Re1 44. c4 e3 45. fxe3 Rxe3 46. Rd3
Re5 47. Kd2 h6 48. Re3 Ke6 49. Rd3 g5 50. hxg5 hxg5 51. Rd8 f4 52. gxf4 gxf4
53. Rf8 Rf5 54. Re8+ Kd6 55. Ra8 f3 56. Ke1 f2+ 57. Kf1 Rf7 58. Re8 Rf4 59. Re2
Rxc4 60. Kxf2 Kc6 61. Re3 Rc2+ 62. Kf3 Kb5 63. Kf4 Rc7 64. Rh3 Re7 65. Kf5 Ka4
66. Kf6 Re2 67. Rh7 Kxa3 68. Rxa7+ Kxb4 69. Kf5 b5 70. Kf4 Kb3 71. Kf3 Re8 0-1

[Event "II Torneo Internazionale di Pasqua"]
[Site "Bologna ITA"]
[Date "2009.04.??"]
[Round "3"]
[White "Danut, Radu"]
[Black "Stella, Andrea"]
[Result "1/2-1/2"]
[WhiteElo "2152"]
[BlackElo "2276"]
[PlyCount "182"]
[EventDate "2009.04.09"]

1. d4 Nf6 2. c4 e6 3. Nf3 b6 4. Nc3 Bb4 5. Bg5 Bb7 6. e3 h6 7. Bh4 g5 8. Bg3
Ne4 9. Nd2 Nxg3 10. hxg3 c5 11. dxc5 Bxc3 12. bxc3 bxc5 13. Rb1 Bc6 14. Be2 Qf6
15. Bf3 Bxf3 16. Qxf3 Qxf3 17. gxf3 Ke7 18. Ne4 Nc6 19. Nxc5 Ne5 20. Ke2 Nxc4
21. Rhd1 Nb6 22. Rb3 Rac8 23. Nd3 Rc7 24. Nb2 h5 25. Rh1 h4 26. gxh4 gxh4 27.
Rh3 d5 28. Kd2 Nd7 29. Nd3 Nb6 30. Ne5 Nc4+ 31. Nxc4 dxc4 32. Rb4 a5 33. Rb5
Rd8+ 34. Ke2 Rd3 35. Rxh4 Rxc3 36. Rd4 Ra3 37. Rd2 Rd7 38. Rc2 c3 39. Rb3 Rxb3
40. axb3 Rb7 41. Rxc3 Rb4 42. f4 a4 43. bxa4 Rxa4 44. Rc7+ Kf6 45. Kf3 Rb4 46.
Ra7 Rc4 47. e4 Rc3+ 48. Kg4 Rc2 49. Kg3 Rc3+ 50. f3 Rc1 51. f5 exf5 52. Ra6+
Kg7 53. e5 Rc4 54. Rf6 Ra4 55. Rxf5 Ra6 56. Kg4 Rb6 57. Rf4 Rb5 58. Rf5 Rb6 59.
Kg5 Rg6+ 60. Kf4 Ra6 61. Rg5+ Kf8 62. Kf5 Rb6 63. Rg4 Ra6 64. Rb4 Rc6 65. Rb7
Ra6 66. Rd7 Rh6 67. f4 Rh5+ 68. Kf6 Rh6+ 69. Kg5 Rg6+ 70. Kf5 Rh6 71. Rd6 Rh5+
72. Kg4 Rh1 73. Kg5 Rg1+ 74. Kf6 Rg6+ 75. Kf5 Rg1 76. e6 fxe6+ 77. Kf6 Kg8 78.
Rxe6 Rf1 79. f5 Rf2 80. Ra6 Rf1 81. Ra8+ Kh7 82. Ra7+ Kg8 83. Rg7+ Kf8 84. Rg2
Ra1 85. Re2 Rf1 86. Rh2 Kg8 87. Rg2+ Kf8 88. Kg6 Kg8 89. Rb2 Rg1+ 90. Kf6 Rf1
91. Rb5 Rf2 1/2-1/2